MARC details
| 000 -CABECERA |
| campo de control de longitud fija |
05806nam a2200469 a 4500 |
| 001 - NÚMERO DE CONTROL |
| campo de control |
dia_2612 |
| 003 - IDENTIFICADOR DEL NÚMERO DE CONTROL |
| campo de control |
CHAP |
| 005 - FECHA Y HORA DE LA ÚLTIMA TRANSACCIÓN |
| campo de control |
20250520131859.0 |
| 007 - CAMPO FIJO DE DESCRIPCIÓN FÍSICA--INFORMACIÓN GENERAL |
| campo de control de longitud fija |
ta |
| 008 - DATOS DE LONGITUD FIJA--INFORMACIÓN GENERAL |
| campo de control de longitud fija |
220117s2003 mx aeo frm 001 0 spa d |
| 010 ## - NÚMERO DE CONTROL DE LA BIBLIOTECA DEL CONGRESO |
| Número de control de LC |
173130 |
| 040 ## - FUENTE DE LA CATALOGACIÓN |
| Centro/agencia transcriptor |
CHAP |
| Centro catalogador/agencia de origen |
mxchpua |
| 041 0# - CÓDIGO DE LENGUA |
| Código de lengua del texto/banda sonora o título independiente |
spa |
| Código de lengua del sumario o resumen |
eng |
| 090 ## - LOCALMENTE ASIGNADO TIPO-LC NÚMERO DE CLASIFICACIÓN (OCLC); NÚMERO DE CLASIFICACIÓN LOCAL (RLIN) |
| Número de clasificación (OCLC) (R) ; Numero de clasificación, CALL (RLIN) (NR) |
Tesis |
| Número cutter local (OCLC) ; Número de libro/Signatura topográfica íntegra, CALL (RLIN) |
H844 |
| año |
2003 |
| 100 1# - ENTRADA PRINCIPAL--NOMBRE DE PERSONA |
| Nombre de persona |
Huerta Leonardo, Maricruz |
| 245 10 - MENCIÓN DE TÍTULO |
| Título |
Estudio de factibilidad técnico-económico para el establecimiento de una planta procesadora de mermelada de higo en Ixmiquilpan, Hgo. / |
| Mención de responsabilidad, etc. |
Maricruz Huerta Leonardo |
| 264 ## - PRODUCCIÓN, PUBLICACIÓN, DISTRIBUCIÓN, FABRICACIÓN Y COPYRIGHT |
| Producción, publicación, distribución, fabricación y copyright |
Chapingo, México : |
| Nombre del de productor, editor, distribuidor, fabricante |
El autor, |
| Fecha de producción, publicación, distribución, fabricación o copyright |
2003 |
| 300 ## - DESCRIPCIÓN FÍSICA |
| Extensión |
112 hoja : |
| Otras características físicas |
ilustraciones, tablas, planos, fotografías |
| 336 ## - TIPO DE CONTENIDO |
| Fuente |
rdacontent |
| Término de tipo de contenido |
texto |
| Código de tipo de contenido |
txt |
| 337 ## - TIPO DE MEDIO |
| Fuente |
rdamedia |
| Nombre/término del tipo de medio |
no mediado |
| Código del tipo de medio |
n |
| 338 ## - TIPO DE SOPORTE |
| Fuente |
rdacarrier |
| Nombre/término del tipo de soporte |
volumen |
| Código del tipo de soporte |
nc |
| 502 ## - NOTA DE TESIS |
| Nota de tesis |
Tesis |
| Tipo de título |
(Ingeniero Agroindustrial) -- |
| Nombre de la institución que otorga el título |
UACh. Departamento de Ingeniería Agroindustrial, |
| Año de obtención del título |
2003 |
| 504 ## - NOTA DE BIBLIOGRAFÍA, ETC. |
| Nota de bibliografía, etc. |
Bibliografía: hojas 92-93 |
| 505 00 - NOTA DE CONTENIDO CON FORMATO |
| Nota de contenido con formato |
1 plano : --<br/>1. Áreas de la plata procesadora |
| 520 3# - SUMARIO, ETC. |
| Sumario, etc. |
La demanda de alimentos procesados se ha incrementado enormemente con el crecimiento de la población en núcleos urbanos. Y esto se debe principalmente a un cambio completo del estilo de vida, donde las mujeres trabajan fuera de casa y no tienen tiempo para complejas preparaciones culinarias. En el estado de Hidalgo la producción de higo, se concentra en el Valle del Mezquital, donde la agricultura representa la principal forma de sustento para muchas familias, es ahí donde anualmente se cosechan alrededor de 320 ton de este fruto, lo que representa e 10.43% de la producción nacional. Debido a la estacionalidad en la producción de higo (julio - septiembre) y la perecibilidad del mismo (con vida util de dos días a temperatura ambiente); se presentan problemas de comercialización donde el precio del producto baja radicalmente,(de $30.00/k a $2.50/k), a tal grado que económicamente resulta inconveniente cosecharlo. Actualmente el estudio técnico- económico, es un requisito imprescindible para llevar a cabo con probabilidades de éxito un proyecto productivo. El presente trabajo, es la realización de un estudio técnico- económico para el establecimiento de una planta procesadora de mermelada de higo en Ixmiquilpan, Hgo. Con la finalidad de evitar el desperdicio de esta fruta, durante el lapso de sobreoferta y al mismo tiempo aprovechar la cosecha de éste fruto en la región, para crear un producto de larga vida útil(1 año) y con valor agregado. El proyecto resultó factible económicamente, ya que representa una buena alternativa de inversión, debido a que se obtuvo una TIR de 29.91% para la empresa y de 44.59% para el proyecto y ambos valores son superiores a la Tasa de Rentabilidad Mínima Aceptable (15%), que es la que el Banco podría ofrecer. Desde el punto de vista técnico, social y ambiental, también es viable. Por lo que su ejecución representa una alternativa de comercialización del higo y una buena solución al problema causado por la estacionalidad de producción de tal fruto. |
| 520 3# - SUMARIO, ETC. |
| Sumario, etc. |
The demand of processed foods has been increased enormously with the growth of the population in urban nuclei. And this must to a complete change of the life style mainly, where the women work abroad and they do not have time for complex culinaries preparations. In the state of Hidalgo the production of chumbo, is concentrated in the Valley of the Mezquital, where agriculture represents the mair sustenance form for many families, it is there where annually they are harvested around 320 ton of this fruit, which represents the 10,43% of the national production. Due to the seasonal in the production of higo (July September) and the perichable of the same one (with life utility of two daysto room temperature); problems commercialization appear where the price of the low product radically,(of $30:00/k to $2.50/k), to such degree that economically turns out inconvenient to harvest it. At the moment economic the technical study, is a requirement essential to carry out with success probabilities a productive project. The present work, is the accomplishment of economic a technical study for the establishment of a plant jam processor of chumbo in Ixmiquilpan, Hgo.With the purpose of avoiding the waste of this fruit, during the lapse of exceed supply and at the same time of taking advantage of the harvest this one fruit in the region, to create a product of long life utility (1 year) and with added value. The project was feasible economically, since it represents a good alternative of investment, because a TIR of 29,91% for the company was obtained and of 44,59% for the project and both values they are superior to the Rate of Acceptable Minimum Yield (15%), that is the one that the Bank could offer. From the technical point of view, social and environmental, also he is viable. Reason why its execution represents an alternative of commercialization of chumbo and a good solution the problem caused by the seasonal of production of such fruit. |
| 650 13 - PUNTO DE ACCESO ADICIONAL DE MATERIA--TÉRMINO DE MATERIA |
| Término de materia o nombre geográfico como elemento de entrada |
Entrepreneurship |
| Subdivisión geográfica |
México |
| -- |
Hidalgo |
| Fuente del encabezamiento o término |
atg |
| 650 13 - PUNTO DE ACCESO ADICIONAL DE MATERIA--TÉRMINO DE MATERIA |
| Término de materia o nombre geográfico como elemento de entrada |
Figs |
| Subdivisión general |
Industry and trade |
| Fuente del encabezamiento o término |
atg |
| 650 13 - PUNTO DE ACCESO ADICIONAL DE MATERIA--TÉRMINO DE MATERIA |
| Término de materia o nombre geográfico como elemento de entrada |
Figs |
| Subdivisión general |
Jams |
| Fuente del encabezamiento o término |
atg |
| 650 13 - PUNTO DE ACCESO ADICIONAL DE MATERIA--TÉRMINO DE MATERIA |
| Término de materia o nombre geográfico como elemento de entrada |
Higos |
| Subdivisión general |
Industria y comercio |
| Fuente del encabezamiento o término |
atg |
| 650 13 - PUNTO DE ACCESO ADICIONAL DE MATERIA--TÉRMINO DE MATERIA |
| Término de materia o nombre geográfico como elemento de entrada |
Higos |
| Subdivisión general |
Mermeladas |
| Fuente del encabezamiento o término |
atg |
| 650 13 - PUNTO DE ACCESO ADICIONAL DE MATERIA--TÉRMINO DE MATERIA |
| Término de materia o nombre geográfico como elemento de entrada |
Iniciativa empresarial |
| Subdivisión geográfica |
México |
| -- |
Hidalgo |
| Fuente del encabezamiento o término |
atg |
| 700 1# - PUNTO DE ACCESO ADICIONAL--NOMBRE DE PERSONA |
| Nombre de persona |
García Chávez, Luis Ramiro |
| Término indicativo de función/relación |
director |
| 700 1# - PUNTO DE ACCESO ADICIONAL--NOMBRE DE PERSONA |
| Nombre de persona |
Corrales García, José Joel Enrique |
| Término indicativo de función/relación |
asesor |
| 700 1# - PUNTO DE ACCESO ADICIONAL--NOMBRE DE PERSONA |
| Nombre de persona |
Hernández Montes, Arturo |
| Término indicativo de función/relación |
asesor |
| 856 41 - LOCALIZACIÓN Y ACCESO ELECTRÓNICOS |
| Identificador Uniforme del Recurso |
<a href="http://10.13.5.2/tesis/2003_HUERTA_LEONARDO_MARICRUZ_Tesis.pdf">http://10.13.5.2/tesis/2003_HUERTA_LEONARDO_MARICRUZ_Tesis.pdf</a> |
| Texto de enlace |
DESCARGAR PDF |
| 901 ## - ELEMENTOS DE DATOS A LOCAL LDA (RLIN) |
| a |
TESIS H844 2003 |
| 942 ## - ELEMENTOS DE PUNTO DE ACCESO ADICIONAL (KOHA) |
| Tipo de ítem Koha |
TESIS |
| Fuente del sistema de clasificación o colocación |
Clasificación Universidad Autónoma Chapingo |
| 530 ## - NOTA DE FORMATO FÍSICO ADICIONAL DISPONIBLE |
| Nota de formato físico adicional disponible |
Disponible en PDF |
| 902 ## - ELEMENTOS DE DATOS B LOCAL, LDB (RLIN) |
| a |
M |
| 905 ## - ELEMENTOS DE DATOS E LOCAL, LDE (RLIN) |
| a |
5232272003 mx nd 8223123322spa16 |